| 000 | 05877nam a22007455i 4500 | ||
|---|---|---|---|
| 001 | 978-3-032-01465-8 | ||
| 003 | DE-He213 | ||
| 005 | 20260304124518.0 | ||
| 007 | cr nn 008mamaa | ||
| 008 | 260102s2025 sz | s |||| 0|eng d | ||
| 020 |
_a9783032014658 _9978-3-032-01465-8 |
||
| 024 | 7 |
_a10.1007/978-3-032-01465-8 _2doi |
|
| 050 | 4 | _aHT101-395 | |
| 072 | 7 |
_aJHB _2bicssc |
|
| 072 | 7 |
_aJFSG _2bicssc |
|
| 072 | 7 |
_aSOC026030 _2bisacsh |
|
| 072 | 7 |
_aJHB _2thema |
|
| 072 | 7 |
_aJBSD _2thema |
|
| 082 | 0 | 4 |
_a307.76 _223 |
| 100 | 1 |
_aDe Lima Amaral, Camilo Vladimir. _eauthor. _4aut _4http://id.loc.gov/vocabulary/relators/aut _923824 |
|
| 245 | 1 | 4 |
_aThe Urban Reproduction of Subjectivities _h[electronic resource] : _bDeconstructing Neoliberal Architectures in London / _cby Camilo Vladimir De Lima Amaral. |
| 250 | _a1st ed. 2025. | ||
| 264 | 1 |
_aCham : _bSpringer Nature Switzerland : _bImprint: Springer, _c2025. |
|
| 300 |
_aXIII, 144 p. 22 illus., 12 illus. in color. _bonline resource. |
||
| 336 |
_atext _btxt _2rdacontent |
||
| 337 |
_acomputer _bc _2rdamedia |
||
| 338 |
_aonline resource _bcr _2rdacarrier |
||
| 341 | 0 |
_bPDF/UA-1 _2onix |
|
| 341 | 0 |
_bTable of contents navigation _2onix |
|
| 341 | 0 |
_bSingle logical reading order _2onix |
|
| 341 | 0 |
_bShort alternative textual descriptions _2onix |
|
| 341 | 0 |
_bUse of color is not sole means of conveying information _2onix |
|
| 341 | 0 |
_bUse of high contrast between text and background color _2onix |
|
| 341 | 0 |
_bNext / Previous structural navigation _2onix |
|
| 341 | 0 |
_bAll non-decorative content supports reading without sight _2onix |
|
| 347 |
_atext file _bPDF _2rda |
||
| 490 | 1 |
_aSpringerBriefs in Geography, _x2211-4173 |
|
| 505 | 0 | _a1 The Reproduction of Social Relations by Urban Spaces -- 2 The Privatisation of Spaces in London and the Metropolis Enclosure -- 3 For a Theory of Urban Reification: Designing Urban Things and Its Fantasies -- 4 Fetish as It Happens: Depoliticisation of Revolt and London’s Housing Crisis -- 5 For a Theory of Urban Fetish: Techniques of Phenomena and Fantasies -- 6 For Deconstructing Neoliberal Objectification -- 7 Subject to Change: Imagining Transitional Subjectivities. | |
| 506 | 0 | _aOpen Access | |
| 520 | _aThis open access book analyzes how subjectivities are produced and reproduced by urban spatial structures in twenty-first century neoliberal London. In three steps, it examines the continuous processes of intertwining conflicts that constitute urban space: It demonstrates how contemporary neoliberal spatial processes enclose subjectivity; it addresses how these processes are mediated by design and science; and finally, it examines how detours and insurgencies might be developed. This book interrogates the processes and consequences of privatization. Neoliberal spaces disconnect people from non-hegemonic actions and subtly control the urban experience by encouraging consumerist behavior and passive spectatorship. Despite the dispossession, expropriation, and exclusion these processes entail, people come to love these privatized urban spaces. Using case studies from around London, the book challenges traditional notions of public spaces. Georg Simmel described the metropolitan spaces as experiences of difference, freedom, and rationality, but this book explores how spaces now construct a post-metropolis shaped by domestication and anaesthetic comfort, exerting control through invisible cages and reproducing spatial machines that reinforce consumerist subjectivities. It analyzes policies, plans, and scientific discourse to trace how fetish mechanisms contribute to the objectification of social relations in urban spaces. By helping to understand the political economy of urban production, this book aims to help overcome neoliberal hegemonic design-thinking strategies. Therefore, it also addresses conflicts, insurgent experiences, and practices that explore alternative routes, such as micro-utopias and hacking practices. The Urban Reproduction of Subjectivities invites academics, practitioners, and activists to open new fields for critical design, urbanism, and architecture, to search for new imaginings of a different city, and to develop alternative design practices. | ||
| 532 | 8 | _aAccessibility summary: This PDF has been created in accordance with the PDF/UA-1 standard to enhance accessibility, including screen reader support, described non-text content (images, graphs), bookmarks for easy navigation, keyboard-friendly links and forms and searchable, selectable text. We recognize the importance of accessibility, and we welcome queries about accessibility for any of our products. If you have a question or an access need, please get in touch with us at accessibilitysupport@springernature.com. Please note that a more accessible version of this eBook is available as ePub. | |
| 532 | 8 | _aNo reading system accessibility options actively disabled | |
| 532 | 8 | _aPublisher contact for further accessibility information: accessibilitysupport@springernature.com | |
| 650 | 0 |
_aSociology, Urban. _91228 |
|
| 650 | 0 | _aHuman geography. | |
| 650 | 0 | _aCultural geography. | |
| 650 | 0 | _aDesign. | |
| 650 | 0 | _aEnvironmental geography. | |
| 650 | 1 | 4 |
_aUrban Sociology. _91231 |
| 650 | 2 | 4 | _aSocial and Cultural Geography. |
| 650 | 2 | 4 | _aDesign. |
| 650 | 2 | 4 | _aHuman Geography. |
| 650 | 2 | 4 | _aIntegrated Geography. |
| 710 | 2 | _aSpringerLink (Online service) | |
| 773 | 0 | _tSpringer Nature eBook | |
| 776 | 0 | 8 |
_iPrinted edition: _z9783032014641 |
| 776 | 0 | 8 |
_iPrinted edition: _z9783032014665 |
| 830 | 0 |
_aSpringerBriefs in Geography, _x2211-4173 _94102 |
|
| 856 | 4 | 0 | _uhttps://doi.org/10.1007/978-3-032-01465-8 |
| 912 | _aZDB-2-SLS | ||
| 912 | _aZDB-2-SXS | ||
| 912 | _aZDB-2-SOB | ||
| 999 |
_c579883 _d579883 |
||